000 00567cam a2200169 4500500
005 20260405002942.0
041 _afre
042 _adc
100 1 0 _aMorel, François
_eauthor
245 0 0 _a« La vie oscille, tel un pendule, de l’ennui à la souffrance »
260 _c2019.
500 _a46
690 _aArthur Schopenhauer
690 _aFrançois Morel
786 0 _nPhilosophie magazine | 132 | 9 | 2019-09-01 | p. 68-68 | 1951-1787
856 4 1 _uhttps://shs.cairn.info/magazine-philosophie-magazine-2019-9-page-68?lang=fr&redirect-ssocas=7080
999 _c2062867
_d2062867